00311nam a2200109Ia 4500008004100000020001500041100001900056245004700075250000700122260006200129300001000191211105s9999 xx 000 0 und d aVYASA08180 aIsaac Mohan K. 0aMental Health Care By Primary Care Doctors a\N bNational Institute of Mental Health and Neuro Sciencec\N a125p.